Score 0/25 Timer 08:00
3 Plays Today
% Correct
The Big Bang Theory
97.9%
Friends
97.2%
How I Met Your Mother
96.6%
Glee
95.6%
Scrubs
94.3%
The Oprah Winfrey Show
92.2%
Seinfeld
89.8%
Desperate Housewives
88.2%
30 Rock
87.2%
Castle
83.8%
Bones
80.2%
The Powerpuff Girls
75.6%
Murder, She Wrote
74.7%
% Correct
The Middle
74.5%
Reba
71.7%
The Good Place
71.4%
Charmed
65.1%
Beverly Hills, 90210
60.6%
Mad About You
58.7%
Coach
57.1%
Boston Legal
56%
Pushing Daisies
54.2%
Spin City
53.6%
Just Shoot Me!
48.1%
Diagnosis Murder
34.2%
Remove Ads.
Support Sporcle.
Get the best of Sporcle when you Go Orange. This ad-free experience offers more features, more stats, and more fun while also helping to support Sporcle. Thank you for becoming a member.

You're not logged in!

Compare scores with friends on all Sporcle quizzes.
OR
Log In

Show Comments

Extras

Top Quizzes Today


Score Distribution

Your Account Isn't Verified!

In order to create a playlist on Sporcle, you need to verify the email address you used during registration. Go to your Sporcle Settings to finish the process.

Report this User

Report this user for behavior that violates our Community Guidelines.

Details: